| 000 | 01679 a2200217 4500 | ||
|---|---|---|---|
| 001 | 25182 | ||
| 005 | 20260407155535.0 | ||
| 008 | 260407a1954 arg spa d | ||
| 003 | AR-UNSa-BCEJYS | ||
| 040 |
_aAR-UNSa-BCEJYS _bspa _cAR-UNSa-BCEJYS |
||
| 080 |
_a519.2 _xProbabilidades y estadística matemática |
||
| 245 | 1 | 0 | _aIntroducción a la estadística matemática |
| 264 | 1 |
_aMadrid : _bAguilar _c1954 |
|
| 300 |
_a740 p. _c21 cm. |
||
| 505 | _a1. Introducción - 2. Asociación de atributos - 3. Clasificación multiple - 4. Distribuciones de frecuencia - 5. Promedios o medidas de posición - 6. Medidas de dispersion - 7. Momentos y medidas de asimetria y curtosis - 8. Tres distribuciones teoricas importantes : La binomial, la normal y la de poisson - 9. Correlación y regresión - 10. Correlación normal - 11. Mas sobre teoria de la correlación - 12. Correlación parcial - 13. Correlación y regresión - 14. Diversos teoremas que implican el uso del coeficiente de correlación - 15. Ajustamiento elemental de curvas - 16. Nociones preeliminares sobre teoria de las muetras - 17. Selección de atributos (muestras grandes)- 18. Selección de variables (muestras grandes)- 19. Selección de variables (muestra grande- continuación)- 20. La distribución - 21. Selección de variables(muestra pequeña)- 22. Análisis de la varianza - 23. Algunos problemas del muestreo practico - 24. Interpolación y precuación - 25. Números indice - 26. Series cronológicas - 27. Series cronológicas (continuación) | ||
| 942 | _cBK | ||
| 590 | _aniveau_biblio:m niveau_hierar:0 | ||
| 100 | 1 | _aYule, G. Undy | |
| 700 | 1 | _aKendall, M.G. | |
| 700 | 1 | _aRos Jimeno, Jose | |
| 999 |
_c1293 _d1293 |
||